Szczegóły MARC21

Szczeciński ośrodek geograficzny /

003 -Nazwa inst., której nr kontr. jest w polu 001 [,]
    • @
    • Nazwa instytucji, której n kontrolny jest w polu 001
    • NUKAT
005 -DATA I CZAS OSTATNIEJ MODYFIKACJI [,]
    • @
    • pole kontrolne
    • 20241231101545.0
020 -Międzynarod. znormalizowany nr książki - ISBN [ , ]
    • a
    • Numer ISBN
    • 8389402319 Find
040 -Instytucja sporządzająca opis [ , ]
    • a
    • Instytucja, która sporządziła opis (NP)
    • WA N/ZKok
    • c
    • Instytucja, która sporządziła rekord (NP)
    • WA N/ZKok
    • d
    • Instytucja, która zmodyfikowała rekord (P)
    • WA N/ZKas
    • d
    • Instytucja, która zmodyfikowała rekord (P)
    • WA N/RZmgs
    • d
    • Instytucja, która zmodyfikowała rekord (P)
    • WA 51/AŁs
942 -Rodzaj dokumentu [ , ]
    • c
    • Rodzaj dokumentu
    • Książka
100 -Hasło główne - nazwa osobowa [1, ]
    • a
    • Nazwa osobowa (NP)
    • Musielak, Stanisław
    • c
    • Dopowiedzenie inne niż daty biograficzne (P)
    • (geografia).
    • 9
    • KHW
    • 15907
245 -Strefa tytułu i oznaczenia odpowiedzialności [1,0]
    • a
    • Tytuł
    • Szczeciński ośrodek geograficzny / Find
    • c
    • Pozostałe elementy strefy tytułu i oznaczenia odpowiedzialności (NP)
    • Stanisław Musielak ; Polskie Towarzystwo Geograficzne. Oddział Szczeciński, Uniwersytet Szczeciński. Instytut Nauk o Morzu.
260 -Strefa adresu wydawniczego [ , ]
    • a
    • Miejsce wydania (P)
    • Szczecin :
    • b
    • Nazwa wydawcy (P)
    • Oficyna In Plus,
    • c
    • Data wydania (P)
    • 2005.
300 -Strefa opisu fizycznego [ , ]
    • a
    • Określenie formy książki i/lub objętość (NP)
    • 52 s. ;
    • c
    • Format (NP)
    • 21 cm.
336 -Typ zawartości [ , ]
    • a
    • Termin opisujący typ zawartości
    • Tekst
    • b
    • Kod określający zawartość
    • txt
    • 2
    • Źródło (terminu i kodu)
    • rdacontent
337 -Typ mediów [ , ]
    • a
    • Tryb odtwarzania
    • Bez urządzenia pośredniczącego
    • b
    • Kod typu mediów
    • n
    • 2
    • Źródło (terminu i kodu)
    • rdamedia
338 -Typ/rodzaj nośnika [ , ]
    • a
    • Hasło opisujące typ nośnika
    • Wolumin
    • b
    • Kod typu nośnika
    • nc
    • 2
    • Źródło (terminu i kodu)
    • rdacarrier
500 -Uwaga ogólna [ , ]
    • a
    • Uwaga ogólna (NP)
    • 54 Zjazd Polskiego Towarzystwa Geograficznego. Geograficzne aspekty badań morza i wybrzeża. Szczecin-Świnoujście 9-11.06.2005.
504 -Uwaga dot. bibliogr. załącznikowej [ , ]
    • a
    • Uwaga dot. bibliografii załącznikowej
    • Bibliogr. s. 20-48, 52.
080 -Uniwersalna Klasyfikacja Dziesiętna [ , ]
    • a
    • Symbol klasyfikacji
    • 061.2
    • 2
    • Identyfikator wydania tablic
    • UDC-P058
    • 9
    • UKD
    • 2330
    • b
    • Dopowiedzenie
    • Organizacje nierządowe. Instytucje i stowarzyszenia półurzędowe i prywatne, zawodowe.
    • 4
    • UKD2
    • 7642
    • x
    • Poddział wspólny
    • (438)
    • c
    • Dopowiedzenie poddz. wspólnego
    • (Polska).
080 -Uniwersalna Klasyfikacja Dziesiętna [ , ]
    • a
    • Symbol klasyfikacji
    • 91
    • 2
    • Identyfikator wydania tablic
    • UDC-P058
    • 9
    • UKD
    • 6771
    • b
    • Dopowiedzenie
    • Geografia. Opisy krajów. Podróże.
    • 4
    • UKD2
    • 7642
    • x
    • Poddział wspólny
    • (438)
    • c
    • Dopowiedzenie poddz. wspólnego
    • (Polska).
610 -Hasło przedmiotowe w formie nazwy ciała zbiorowego [2,7]
    • a
    • Nazwa ciała zbiorowego lub nazwa geograficzna
    • Oddział Szczeciński (Polskie Towarzystwo Geograficzne)
    • 2
    • Źródło terminu
    • DBN
610 -Hasło przedmiotowe w formie nazwy ciała zbiorowego [2,7]
    • a
    • Nazwa ciała zbiorowego lub nazwa geograficzna
    • Instytut Nauk o Morzu i Środowisku (Uniwersytet Szczeciński)
    • 2
    • Źródło terminu
    • DBN
610 -Hasło przedmiotowe w formie nazwy ciała zbiorowego [2,7]
    • a
    • Nazwa ciała zbiorowego lub nazwa geograficzna
    • Polskie Towarzystwo Geograficzne.
    • b
    • Nazwa jednostki podrzędnej
    • Oddział (Szczecin)
    • v
    • Określnik formalny
    • konferencje.
    • 2
    • Źródło terminu
    • kaba
    • 9
    • KHW
    • 433820
610 -Hasło przedmiotowe w formie nazwy ciała zbiorowego [2,7]
    • a
    • Nazwa ciała zbiorowego lub nazwa geograficzna
    • Uniwersytet Szczeciński.
    • b
    • Nazwa jednostki podrzędnej
    • Instytut Nauk o Morzu
    • v
    • Określnik formalny
    • konferencje.
    • 2
    • Źródło terminu
    • kaba
    • 9
    • KHW
    • 433821
610 -Hasło przedmiotowe w formie nazwy ciała zbiorowego [2,7]
    • a
    • Nazwa ciała zbiorowego lub nazwa geograficzna
    • Uniwersytet Szczeciński.
    • b
    • Nazwa jednostki podrzędnej
    • Instytut Nauk o Morzu
    • x
    • Określnik ogólny
    • personel
    • v
    • Określnik formalny
    • bibliografia.
    • 2
    • Źródło terminu
    • kaba
    • 9
    • KHW
    • 433822
650 -Hasło przedmiotowe [ ,7]
    • a
    • Hasło przedmiotowe
    • Uniwersytety i uczelnie
    • z
    • Określnik geograficzny
    • Polska
    • z
    • Określnik geograficzny
    • Szczecin
    • y
    • Określnik chronologiczny
    • 1945-
    • v
    • Określnik formalny
    • konferencje.
    • 2
    • Źródło terminu
    • kaba
    • 9
    • KHW
    • 433823
650 -Hasło przedmiotowe [ ,7]
    • a
    • Hasło przedmiotowe
    • Publikacje naukowe
    • 2
    • Źródło terminu
    • DBN
650 -Hasło przedmiotowe [ ,7]
    • a
    • Hasło przedmiotowe
    • Geografia
    • 2
    • Źródło terminu
    • DBN
    • 9
    • KHW
    • 724727
650 -Hasło przedmiotowe [ ,7]
    • a
    • Hasło przedmiotowe
    • Towarzystwa naukowe
    • 2
    • Źródło terminu
    • DBN
    • 9
    • KHW
    • 730379
650 -Hasło przedmiotowe [ ,7]
    • a
    • Hasło przedmiotowe
    • Organizacje naukowe
    • 2
    • Źródło terminu
    • DBN
    • 9
    • KHW
    • 736069
650 -Hasło przedmiotowe [ ,7]
    • a
    • Hasło przedmiotowe
    • Szkoły wyższe
    • 2
    • Źródło terminu
    • DBN
    • 9
    • KHW
    • 721204
651 -Hasło przedmiotowe w formie nazwy geograficznej [ ,7]
    • a
    • Nazwa geograficzna
    • Polska
    • 2
    • Źródło terminu
    • DBN
    • 9
    • KHW
    • 721438
651 -Hasło przedmiotowe w formie nazwy geograficznej [ ,7]
    • a
    • Nazwa geograficzna
    • Szczecin (woj. zachodniopomorskie)
    • 2
    • Źródło terminu
    • DBN
    • 9
    • KHW
    • 721822
658 -Ujęcie treści [ , ]
    • a
    • dziedzina nauki i sztuki/ sfera aktywności życiowej
    • Bibliotekarstwo, archiwistyka, muzealnictwo
658 -Ujęcie treści [ , ]
    • a
    • dziedzina nauki i sztuki/ sfera aktywności życiowej
    • Nauka i badania
658 -Ujęcie treści [ , ]
    • a
    • dziedzina nauki i sztuki/ sfera aktywności życiowej
    • Geografia i nauki o Ziemi
980 -Symbol UKD [ , ]
    • a
    • UKD
    • 91:061.2](438)Szczecin
920 -ISBN [ , ]
    • a
    • ISBN
    • 83-89402-31-9 Find
Numer inwentarzowy Status udost. Data inwentaryzacji Lokalizacja
Bl.1061722006-04-05BG
Z.10978812007-11-20BG